[Event "Bejaia Regional-ch"]
[Site "Bejaia"]
[Date "2021.05.21"]
[Round "2"]
[White "Belaid, Koceila"]
[Black "Seddaoui, Yamine"]
[Result "1-0"]
[WhiteElo "1632"]
[BlackElo "2127"]
[PlyCount "111"]
[EventDate "2021.05.20"]
[EventType "swiss"]
[EventRounds "7"]
[EventCountry "ALG"]
[SourceTitle "CBM 203 Extra"]
[Source "ChessBase"]
[SourceDate "2021.09.30"]
[SourceVersion "1"]
[SourceVersionDate "2021.09.30"]
[SourceQuality "1"]

1. d4 d5 2. Nf3 c6 3. e3 e6 4. c4 f5 5. Nc3 Nf6 6. Bd3 Bd6 7. 0-0 0-0 8. a3 Bd7 9. Ne5 Be8 10. b4 Bxe5 11. dxe5 Ng4 12. Bb2 Nxe5 13. Be2 Nbd7 14. Qd4 Qe7 15. cxd5 cxd5 16. Nb5 Nc6 17. Qc3 Nf6 18. Rac1 e5 19. Qc5 Qd8 20. Qd6 a6 21. Qxd8 Rxd8 22. Nc7 Rf7 23. Ne6 Rd6 24. Nc5 Ne4 25. Rfd1 Re7 26. b5 axb5 27. Bxb5 Nxc5 28. Rxc5 Bf7 29. h3 h6 30. a4 Na7 31. Bc4 d4 32. Bxf7+ Kxf7 33. exd4 Nc6 34. d5 Red7 35. Rd2 b6 36. dxc6 bxc5 37. c7 Rxc7 38. Rxd6 e4 39. a5 Rb7 40. Rb6 Ra7 41. a6 Ra8 42. Rb7+ Ke6 43. Rxg7 Kd5 44. a7 Kc4 45. Be5 Kd3 46. Kf1 c4 47. Ke1 Kc2 48. Rc7 Kb3 49. Rb7+ Kc2 50. Rb2+ Kc1 51. Rb7 Kc2 52. Bd4 Rd8 53. Rb8 Rxd4 54. a8Q Rd1+ 55. Ke2 Rd2+ 56. Ke3 1-0

[Event "Bejaia Regional-ch"]
[Site "Bejaia"]
[Date "2021.05.21"]
[Round "4"]
[White "Tairi, Akli"]
[Black "Seddaoui, Yamine"]
[Result "0-1"]
[WhiteElo "1805"]
[BlackElo "2127"]
[PlyCount "52"]
[EventDate "2021.05.20"]
[EventType "swiss"]
[EventRounds "7"]
[EventCountry "ALG"]
[SourceTitle "CBM 203 Extra"]
[Source "ChessBase"]
[SourceDate "2021.09.30"]
[SourceVersion "1"]
[SourceVersionDate "2021.09.30"]
[SourceQuality "1"]

1. d4 Nf6 2. Nf3 g6 3. Bf4 Bg7 4. e3 0-0 5. h3 d6 6. Nbd2 c5 7. c3 cxd4 8. exd4 Nc6 9. Bc4 Qc7 10. 0-0 a6 11. a4 b6 12. Re1 Bb7 13. Qe2 Na5 14. Ba2 Rae8 15. b4 Nc6 16. Qc4 Qd7 17. Rad1 Nd8 18. Qb3 b5 19. axb5 axb5 20. Qa3 Nd5 21. Bg3 Ne6 22. c4 Ra8 23. Qb3 bxc4 24. Nxc4 Qa4 25. Na5 Rxa5 26. bxa5 Qxb3 0-1

[Event "African Online op"]
[Site "Tornelo INT"]
[Date "2021.02.04"]
[Round "7"]
[White "Seddaoui, Yamine"]
[Black "Zaibi, Amir"]
[Result "1/2-1/2"]
[WhiteElo "2127"]
[BlackElo "2381"]
[PlyCount "101"]
[EventDate "2021.02.01"]
[EventType "swiss (rapid)"]
[EventRounds "9"]
[EventCountry "NET"]
[SourceTitle "CBM 200 Extra"]
[Source "ChessBase"]
[SourceDate "2021.03.31"]
[SourceVersion "1"]
[SourceVersionDate "2021.03.31"]
[SourceQuality "1"]

1. e4 c5 2. Nc3 e6 3. Nf3 a6 4. d4 cxd4 5. Nxd4 Qc7 6. Qf3 b5 7. Bf4 d6 8. Bg3 b4 9. Nd1 Bb7 10. Bd3 h5 11. h3 Nd7 12. 0-0 Ngf6 13. Qe2 h4 14. Bh2 e5 15. Nb3 Be7 16. Ne3 g6 17. Ng4 Nxg4 18. Qxg4 Rh5 19. c3 Rg5 20. Qe2 bxc3 21. Rac1 Qb6 22. Rxc3 f5 23. Kh1 Nf6 24. f4 exf4 25. Bxf4 Nh5 26. Bb1 Nxf4 27. Rxf4 Qb5 28. Qf2 Bf6 29. Re3 0-0-0 30. Rxh4 Kb8 31. Bd3 Qb6 32. Bf1 Be5 33. Rh7 Bxe4 34. Nd2 Rg3 35. Re2 Qxf2 36. Rxf2 Bd5 37. Nf3 Bxf3 38. Rxf3 Rxf3 39. gxf3 a5 40. b3 d5 41. Re7 Bf4 42. Re6 g5 43. Bd3 Rc8 44. Rb6+ Kc7 45. Rb5 Kd6 46. Bxf5 Rc1+ 47. Kg2 a4 48. bxa4 Rc4 49. Rb2 Rxa4 50. Kf2 Ra3 51. Bb1 1/2-1/2

[Event "ALG-chT"]
[Site "Ain Oulmane"]
[Date "2019.11.01"]
[Round "2.2"]
[White "Belouadah, Saad"]
[Black "Seddaoui, Yamine"]
[Result "1-0"]
[WhiteElo "2401"]
[BlackElo "2139"]
[PlyCount "51"]
[EventDate "2019.11.01"]
[EventType "team-swiss"]
[EventRounds "9"]
[EventCountry "ALG"]
[SourceTitle "EXT 2021"]
[Source "ChessBase"]
[SourceDate "2020.10.23"]
[SourceVersion "1"]
[SourceVersionDate "2020.10.23"]
[SourceQuality "1"]
[WhiteTeam "Alger ASSN"]
[BlackTeam "Bejaia BCE"]
[WhiteTeamCountry "ALG"]
[BlackTeamCountry "ALG"]

1. c4 e5 2. Nc3 Nf6 3. g3 Bc5 4. Bg2 Nc6 5. e3 d5 6. cxd5 Nb4 7. d4 exd4 8. exd4 Bf5 9. Nge2 Nc2+ 10. Kf1 Bd6 11. Rb1 Nb4 12. Ra1 Nc2 13. Rb1 Nb4 14. Bg5 Bc2 15. Qc1 Bxb1 16. Qxb1 h6 17. Bd2 0-0 18. h3 Na6 19. Qd3 Nb8 20. Bf3 Nbd7 21. g4 Nh7 22. h4 f5 23. gxf5 Qf6 24. Bh5 Kh8 25. Bg6 Qe7 26. Bxh7 1-0

[Event "ALG-chT"]
[Site "Ain Oulmane"]
[Date "2019.11.01"]
[Round "1.2"]
[White "Benhadi, Aziz Madani"]
[Black "Seddaoui, Yamine"]
[Result "0-1"]
[WhiteElo "2120"]
[BlackElo "2139"]
[PlyCount "60"]
[EventDate "2019.11.01"]
[EventType "team-swiss"]
[EventRounds "9"]
[EventCountry "ALG"]
[SourceTitle "EXT 2021"]
[Source "ChessBase"]
[SourceDate "2020.10.23"]
[SourceVersion "1"]
[SourceVersionDate "2020.10.23"]
[SourceQuality "1"]
[WhiteTeam "Constantine ASE"]
[BlackTeam "Bejaia BCE"]
[WhiteTeamCountry "ALG"]
[BlackTeamCountry "ALG"]

1. e4 d6 2. d4 Nf6 3. Nc3 Nbd7 4. Nf3 e5 5. Bc4 Be7 6. Qe2 c6 7. a4 Qc7 8. Bxf7+ Kxf7 9. Ng5+ Kg8 10. Ne6 Qb8 11. f4 Nb6 12. Ng5 exd4 13. a5 Bg4 14. Qd3 dxc3 15. axb6 h6 16. h3 hxg5 17. fxg5 Nd7 18. 0-0 Be6 19. Qxc3 axb6 20. Bf4 Rxa1 21. Rxa1 Ne5 22. Qg3 g6 23. Ra4 Kg7 24. Qa3 Qc7 25. Ra7 Rf8 26. Qg3 b5 27. Kh2 Qb6 28. Bxe5+ dxe5 29. Qxe5+ Kf7 30. Qf4+ Kg8 0-1

[Event "Brno op 8th"]
[Site "Brno"]
[Date "2018.11.17"]
[Round "9"]
[White "Seddaoui, Yamine"]
[Black "Sernecki, Franciszek"]
[Result "0-1"]
[WhiteElo "2176"]
[BlackElo "2188"]
[PlyCount "52"]
[EventDate "2018.11.10"]
[EventType "swiss"]
[EventRounds "9"]
[EventCountry "CZE"]
[SourceTitle "CBM 187 Extra"]
[Source "ChessBase"]
[SourceDate "2018.11.04"]
[SourceVersion "1"]
[SourceVersionDate "2018.11.04"]
[SourceQuality "1"]

1. e4 c5 2. Nf3 Nc6 3. c4 g6 4. d4 cxd4 5. Nxd4 Nf6 6. Nc3 Nxd4 7. Qxd4 d6 8. Bg5 Bg7 9. Nd5 0-0 10. Nxf6+ exf6 11. Bh4 g5 12. Bg3 f5 13. Qxd6 f4 14. 0-0-0 Qxd6 15. Rxd6 fxg3 16. hxg3 Be6 17. f4 Rfd8 18. Rxd8+ Rxd8 19. Rh5 h6 20. Be2 Bxc4 21. Bxc4 Rc8 22. b3 b5 23. fxg5 bxc4 24. gxh6 cxb3+ 25. Kb1 Rc1+ 26. Kxc1 bxa2 0-1

[Event "Brno op 8th"]
[Site "Brno"]
[Date "2018.11.15"]
[Round "7"]
[White "Moskvin, Anatoly"]
[Black "Seddaoui, Yamine"]
[Result "1/2-1/2"]
[WhiteElo "2088"]
[BlackElo "2176"]
[PlyCount "42"]
[EventDate "2018.11.10"]
[EventType "swiss"]
[EventRounds "9"]
[EventCountry "CZE"]
[SourceTitle "CBM 187 Extra"]
[Source "ChessBase"]
[SourceDate "2018.11.04"]
[SourceVersion "1"]
[SourceVersionDate "2018.11.04"]
[SourceQuality "1"]

1. Nf3 d6 2. g3 e5 3. d3 Nc6 4. Bg2 Nf6 5. 0-0 Be7 6. e4 0-0 7. c3 Re8 8. Nbd2 Bf8 9. Re1 a5 10. a4 h6 11. Nc4 Be6 12. Ne3 d5 13. exd5 Nxd5 14. Nc4 f6 15. Qc2 Bf7 16. Bd2 Nde7 17. Rad1 Nc8 18. Bc1 Nd6 19. Nfd2 Kh8 20. Ne4 Qc8 21. Ne3 Rb8 1/2-1/2

[Event "ALG-ch"]
[Site "Oran"]
[Date "2018.07.16"]
[Round "5"]
[White "Seddaoui, Yamine"]
[Black "Talbi, Chafik"]
[Result "1-0"]
[WhiteElo "2168"]
[BlackElo "2251"]
[PlyCount "85"]
[EventDate "2018.07.12"]
[EventType "tourn"]
[EventRounds "7"]
[EventCountry "ALG"]
[SourceTitle "EXT 2019"]
[Source "ChessBase"]
[SourceDate "2018.10.10"]
[SourceVersion "1"]
[SourceVersionDate "2018.10.10"]
[SourceQuality "1"]

1. e4 c5 2. Nc3 d6 3. Nf3 Nc6 4. d4 cxd4 5. Nxd4 Nf6 6. Bb5 Bd7 7. Bg5 e6 8. Qd2 h6 9. Be3 Ng4 10. 0-0 Be7 11. Kh1 0-0 12. Nde2 Nxe3 13. Qxe3 a6 14. Bd3 Qc7 15. f4 Na5 16. e5 d5 17. f5 Nc4 18. Bxc4 Bg5 19. Qd4 Qxc4 20. Qxc4 dxc4 21. Rad1 Rfd8 22. Ne4 exf5 23. Nd6 Rab8 24. Nd4 c3 25. bxc3 g6 26. c4 Be3 27. Rd3 f4 28. Nxf7 Re8 29. e6 Bxe6 30. Nxe6 Rxe6 31. Nxh6+ Kg7 32. Ng4 Rbe8 33. g3 g5 34. Kg2 fxg3 35. hxg3 Bb6 36. Rd7+ R8e7 37. Rxe7+ Rxe7 38. Rf5 Kg6 39. Rf6+ Kg7 40. Rxb6 Re2+ 41. Kf3 Rxc2 42. Ne3 Rxa2 43. Rxb7+ 1-0

[Event "ALG-ch"]
[Site "Oran"]
[Date "2018.07.13"]
[Round "2"]
[White "Seddaoui, Yamine"]
[Black "Bellahcene, Bilel"]
[Result "0-1"]
[WhiteElo "2168"]
[BlackElo "2512"]
[PlyCount "54"]
[EventDate "2018.07.12"]
[EventType "tourn"]
[EventRounds "7"]
[EventCountry "ALG"]
[SourceTitle "EXT 2019"]
[Source "ChessBase"]
[SourceDate "2018.10.10"]
[SourceVersion "1"]
[SourceVersionDate "2018.10.10"]
[SourceQuality "1"]

1. e4 c5 2. Nf3 d6 3. d4 cxd4 4. Nxd4 Nf6 5. Nc3 a6 6. Bg5 Nbd7 7. f4 Qc7 8. Qf3 b5 9. 0-0-0 Bb7 10. Bd3 g6 11. Rhe1 Bg7 12. Nb3 0-0 13. Qh3 b4 14. Nd5 Nxd5 15. exd5 Nf6 16. f5 Nxd5 17. fxg6 hxg6 18. Rf1 e5 19. Qh4 a5 20. Rf3 Nf4 21. Rxf4 exf4 22. Bxf4 Rfe8 23. Bb5 Re4 24. Bd3 a4 25. Bxe4 axb3 26. axb3 Bxe4 27. Rxd6 Qa7 0-1

[Event "ALG-ch sf"]
[Site "Oran"]
[Date "2018.05.01"]
[Round "2"]
[White "Nassr, Ahmed"]
[Black "Seddaoui, Yamine"]
[Result "1/2-1/2"]
[WhiteElo "2044"]
[BlackElo "2154"]
[PlyCount "59"]
[EventDate "2018.05.01"]
[EventType "swiss"]
[EventRounds "9"]
[EventCountry "ALG"]
[SourceTitle "CBM 184 Extra"]
[Source "ChessBase"]
[SourceDate "2018.06.28"]
[SourceVersion "1"]
[SourceVersionDate "2018.06.28"]
[SourceQuality "1"]

1. d4 Nf6 2. Bf4 c5 3. e3 Qb6 4. Na3 cxd4 5. exd4 Nd5 6. Bc1 e6 7. Nc4 Qc7 8. Ne3 Nf6 9. c3 b6 10. Be2 Bb7 11. Bf3 Nc6 12. Ne2 d5 13. 0-0 Bd6 14. g3 h5 15. b3 h4 16. a4 Ne7 17. c4 Ne4 18. Bxe4 dxe4 19. Ba3 Bxa3 20. Rxa3 Rd8 21. Ra2 Nc6 22. Rd2 Nb4 23. d5 exd5 24. cxd5 Qe5 25. Qa1 Qxa1 26. Rxa1 Nd3 27. Rc2 Ne5 28. Kg2 Nf3 29. Rc4 h3+ 30. Kh1 1/2-1/2

[Event "Pobeskydy op"]
[Site "Frydek Mistek"]
[Date "2018.04.02"]
[Round "9"]
[White "Seddaoui, Yamine"]
[Black "Molnar, Erno"]
[Result "1/2-1/2"]
[WhiteElo "2153"]
[BlackElo "2264"]
[PlyCount "81"]
[EventDate "2018.03.29"]
[EventType "swiss"]
[EventRounds "9"]
[EventCountry "CZE"]
[SourceTitle "CBM 183 Extra"]
[Source "ChessBase"]
[SourceDate "2018.04.19"]
[SourceVersion "1"]
[SourceVersionDate "2018.04.19"]
[SourceQuality "1"]

1. e4 e5 2. Nf3 Nc6 3. Bb5 a6 4. Bxc6 dxc6 5. 0-0 Qf6 6. d3 Bd6 7. Be3 Bg4 8. Nbd2 Ne7 9. h3 Bh5 10. Bg5 Qe6 11. Nc4 f6 12. Bd2 Bf7 13. Nh2 g5 14. Qg4 h5 15. Qxe6 Bxe6 16. Nxd6+ cxd6 17. Rfd1 d5 18. c3 0-0-0 19. b3 Rh7 20. Be3 Ng6 21. exd5 cxd5 22. d4 e4 23. Rac1 g4 24. c4 Kb8 25. cxd5 Rxd5 26. Rc5 Rd8 27. h4 Nxh4 28. Nf1 Ng6 29. Ng3 Bd5 30. Ne2 h4 31. Nf4 Ne7 32. Rdc1 h3 33. gxh3 gxh3 34. Kh2 Bc6 35. Rh5 Rxh5 36. Nxh5 Nd5 37. Nf4 Nxf4 38. Bxf4+ Ka8 39. Kxh3 Rxd4 40. Be3 Rd8 41. Kg4 1/2-1/2

[Event "Pobeskydy op"]
[Site "Frydek Mistek"]
[Date "2018.04.01"]
[Round "7"]
[White "Seddaoui, Yamine"]
[Black "Mruskovic, Radoslav"]
[Result "1-0"]
[WhiteElo "2153"]
[BlackElo "2004"]
[PlyCount "81"]
[EventDate "2018.03.29"]
[EventType "swiss"]
[EventRounds "9"]
[EventCountry "CZE"]
[SourceTitle "CBM 183 Extra"]
[Source "ChessBase"]
[SourceDate "2018.04.19"]
[SourceVersion "1"]
[SourceVersionDate "2018.04.19"]
[SourceQuality "1"]

1. e4 c5 2. Nf3 Nc6 3. c4 d6 4. d4 Bg4 5. d5 Nd4 6. Be2 Nxe2 7. Qxe2 g6 8. Bd2 Bg7 9. Bc3 Bxc3+ 10. Nxc3 Nf6 11. 0-0 0-0 12. h3 Bd7 13. Rfe1 Nh5 14. e5 Ng7 15. Qd2 a6 16. Ne4 dxe5 17. Nxc5 f6 18. Nxb7 Qc8 19. Na5 Nh5 20. Kh2 Nf4 21. Ng1 g5 22. Ne2 Ng6 23. b4 Rf7 24. c5 Nh4 25. Ng1 g4 26. Nc4 gxh3 27. Nb6 Qd8 28. g3 Nf5 29. Nxa8 Qxa8 30. Rac1 Nd4 31. c6 Bg4 32. Re4 h5 33. Rxd4 exd4 34. Qxd4 Qc8 35. Qf4 e5 36. Qd2 Rc7 37. d6 Rg7 38. d7 Bxd7 39. cxd7 Qxd7 40. Qxd7 Rxd7 41. Rc2 1-0

[Event "Pobeskydy op"]
[Site "Frydek Mistek"]
[Date "2018.03.31"]
[Round "6"]
[White "Meers, Hubert"]
[Black "Seddaoui, Yamine"]
[Result "0-1"]
[WhiteElo "1784"]
[BlackElo "2153"]
[PlyCount "82"]
[EventDate "2018.03.29"]
[EventType "swiss"]
[EventRounds "9"]
[EventCountry "CZE"]
[SourceTitle "CBM 183 Extra"]
[Source "ChessBase"]
[SourceDate "2018.04.19"]
[SourceVersion "1"]
[SourceVersionDate "2018.04.19"]
[SourceQuality "1"]

1. e4 e5 2. Nf3 Nc6 3. Bb5 a6 4. Ba4 Nf6 5. 0-0 Nxe4 6. d4 b5 7. Bb3 d5 8. dxe5 Be6 9. Qe2 Bc5 10. Be3 0-0 11. Rd1 Bxe3 12. Qxe3 Na5 13. Nbd2 Nxd2 14. Rxd2 c6 15. c3 Qe7 16. Qb6 Qd8 17. Qd4 Qc7 18. Re2 c5 19. Qh4 Nxb3 20. axb3 Qd8 21. Qf4 Qe7 22. b4 d4 23. bxc5 dxc3 24. b4 a5 25. Rc1 Bc4 26. Re4 axb4 27. Rxc4 bxc4 28. Qxc4 Rac8 29. Qxb4 Qxc5 30. Qxc5 Rxc5 31. Rc2 Rb8 32. Kf1 Rb2 33. Nd4 Rxe5 34. f4 Rxc2 35. Nxc2 Rd5 36. Ke1 Rd2 37. Ne3 h5 38. h4 g6 39. g3 f5 40. Nd1 Rd3 41. Ke2 Rxg3 0-1

[Event "Pobeskydy op"]
[Site "Frydek Mistek"]
[Date "2018.03.30"]
[Round "3"]
[White "Rabatin, Jakub"]
[Black "Seddaoui, Yamine"]
[Result "1-0"]
[WhiteElo "2285"]
[BlackElo "2153"]
[PlyCount "97"]
[EventDate "2018.03.29"]
[EventType "swiss"]
[EventRounds "9"]
[EventCountry "CZE"]
[SourceTitle "CBM 183 Extra"]
[Source "ChessBase"]
[SourceDate "2018.04.19"]
[SourceVersion "1"]
[SourceVersionDate "2018.04.19"]
[SourceQuality "1"]

1. d4 d5 2. c4 e6 3. Nf3 c6 4. e3 f5 5. Be2 Nf6 6. 0-0 Bd6 7. b3 Qe7 8. a4 a5 9. Ba3 Na6 10. Bxd6 Qxd6 11. Nbd2 0-0 12. Ne5 Nb4 13. Ndf3 Ne4 14. Nd3 Bd7 15. Nfe5 Na6 16. Rc1 Be8 17. c5 Qc7 18. Qe1 g5 19. f3 Nf6 20. Qd2 Kh8 21. Nf2 Nb4 22. e4 f4 23. exd5 Nbxd5 24. Nc4 Bg6 25. Nd3 Nd7 26. Rfe1 Ne7 27. Bf1 Rf6 28. Nde5 Bf5 29. Nxd7 Qxd7 30. Nb6 Qd8 31. Nxa8 Qxa8 32. Bc4 Qd8 33. Re2 g4 34. Qxf4 gxf3 35. Qxf3 Qxd4+ 36. Qe3 Qxe3+ 37. Rxe3 Nd5 38. Rf3 Rg6 39. Bxd5 cxd5 40. c6 bxc6 41. Rxc6 d4 42. Rg3 Rxg3 43. hxg3 Kg7 44. Kf2 Kf6 45. Rc5 e5 46. Rxa5 Be6 47. Ra6 e4 48. a5 Ke5 49. Rxe6+ 1-0

[Event "Pobeskydy op"]
[Site "Frydek Mistek"]
[Date "2018.03.29"]
[Round "1"]
[White "Svanda, Ondrej"]
[Black "Seddaoui, Yamine"]
[Result "1/2-1/2"]
[WhiteElo "2057"]
[BlackElo "2153"]
[PlyCount "70"]
[EventDate "2018.03.29"]
[EventType "swiss"]
[EventRounds "9"]
[EventCountry "CZE"]
[SourceTitle "CBM 183 Extra"]
[Source "ChessBase"]
[SourceDate "2018.04.19"]
[SourceVersion "1"]
[SourceVersionDate "2018.04.19"]
[SourceQuality "1"]

1. e4 e5 2. Nf3 Nc6 3. d4 exd4 4. Bc4 Nf6 5. e5 d5 6. Bb5 Ne4 7. Nxd4 Bd7 8. Bxc6 bxc6 9. 0-0 Bc5 10. f3 Ng5 11. f4 Ne4 12. Be3 Qb8 13. Nc3 Qxb2 14. Nxe4 dxe4 15. Qd2 Qb4 16. c3 Qc4 17. Rfd1 Bg4 18. Re1 Rd8 19. Qf2 g6 20. h3 Bc8 21. Rac1 Ba3 22. Rc2 0-0 23. Nb3 Rd3 24. Bc5 e3 25. Bxe3 Bf5 26. Bd4 c5 27. Bxc5 Bxc5 28. Qxc5 Qxf4 29. Rce2 Rfd8 30. Nd4 Bxh3 31. Qxc7 Rc8 32. Qe7 Rdxc3 33. Rf2 Qxd4 34. Qxf7+ Kh8 35. Qf6+ Kg8 1/2-1/2

[Event "Monastir Moknine op-A"]
[Site "Monastir"]
[Date "2017.09.07"]
[Round "4"]
[White "Douissa, Oussama"]
[Black "Seddaoui, Yamine"]
[Result "1/2-1/2"]
[WhiteElo "2257"]
[BlackElo "2119"]
[PlyCount "40"]
[EventDate "2017.09.05"]
[EventType "swiss"]
[EventRounds "9"]
[EventCountry "TUN"]
[SourceTitle "CBM 180 Extra"]
[Source "ChessBase"]
[SourceDate "2017.10.06"]
[SourceVersion "1"]
[SourceVersionDate "2017.10.06"]
[SourceQuality "1"]

1. d4 f5 2. g4 fxg4 3. h3 g3 4. fxg3 Nf6 5. Nc3 d5 6. Qd3 Nc6 7. Bg5 e6 8. 0-0-0 Bb4 9. Bg2 Bxc3 10. Qxc3 Ne4 11. Bxd8 Nxc3 12. bxc3 Nxd8 13. Nf3 Nf7 14. Nd2 0-0 15. e4 c6 16. c4 dxc4 17. Nxc4 Bd7 18. Kb2 Rad8 19. Ne3 Bc8 20. c3 e5 1/2-1/2

[Event "Monastir Moknine op-A"]
[Site "Monastir"]
[Date "2017.09.07"]
[Round "3"]
[White "Seddaoui, Yamine"]
[Black "Meftahi, Houssem"]
[Result "0-1"]
[WhiteElo "2119"]
[BlackElo "2074"]
[PlyCount "72"]
[EventDate "2017.09.05"]
[EventType "swiss"]
[EventRounds "9"]
[EventCountry "TUN"]
[SourceTitle "CBM 180 Extra"]
[Source "ChessBase"]
[SourceDate "2017.10.06"]
[SourceVersion "1"]
[SourceVersionDate "2017.10.06"]
[SourceQuality "1"]

1. e4 c5 2. Nf3 Nc6 3. c4 g6 4. d4 cxd4 5. Nxd4 Bg7 6. Be3 Nf6 7. Nc3 0-0 8. Be2 d6 9. 0-0 Bd7 10. f3 Qb6 11. Nc2 Qxb2 12. Qd2 Ne8 13. Nd5 e6 14. Rab1 Qxa2 15. Rxb7 exd5 16. Rxd7 dxc4 17. Rc1 Rc8 18. Rb7 a5 19. Qd5 Nb4 20. Nxb4 Qxe2 21. Nc2 a4 22. Bg5 Rc5 23. Qd2 Qxd2 24. Bxd2 c3 25. Be3 Ra5 26. Ra1 d5 27. exd5 Nd6 28. Rb4 Rfa8 29. Kf1 a3 30. Ra2 Nf5 31. Bb6 Rxd5 32. Nxa3 Bf8 33. Rb3 c2 34. Rxc2 Rxa3 35. Rxa3 Bxa3 36. g4 Nd6 0-1